And Not Afraid To Dare : (Record no. 5229)

MARC details
000 -LEADER
fixed length control field 01063nam a22003137a 4500
001 - CONTROL NUMBER
control field 5229
003 - CONTROL NUMBER IDENTIFIER
control field FISKH
005 - DATE AND TIME OF LATEST TRANSACTION
control field 20241120122538.0
008 - FIXED-LENGTH DATA ELEMENTS--GENERAL INFORMATION
fixed length control field 241120b cb ||||| |||| 00| 0 eng d
020 ## - INTERNATIONAL STANDARD BOOK NUMBER
International Standard Book Number 078073004997
040 ## - CATALOGING SOURCE
Original cataloging agency FISKH
Language of cataloging eng
Transcribing agency FISKH
Modifying agency FISKH
050 ## - LIBRARY OF CONGRESS CALL NUMBER
Classification number E185.B567
082 ## - DEWEY DECIMAL CLASSIFICATION NUMBER
Classification number 920.7208996073
100 ## - MAIN ENTRY--PERSONAL NAME
Personal name Bolden, Tonya
245 ## - TITLE STATEMENT
Title And Not Afraid To Dare :
Remainder of title The Stories of Ten African-American Women /
Statement of responsibility, etc. by Tonya Bolden
250 ## - EDITION STATEMENT
Edition statement First Scholastic paperback printing, January 2003
260 ## - PUBLICATION, DISTRIBUTION, ETC.
Place of publication, distribution, etc. New York :
Name of publisher, distributor, etc. Scholastic ;
Date of publication, distribution, etc. 1998.
300 ## - PHYSICAL DESCRIPTION
Extent 216 pages :
Other physical details illustrations ;
Dimensions 20 cm .
505 ## - FORMATTED CONTENTS NOTE
Formatted contents note Z <br/>
520 ## - SUMMARY, ETC.
Summary, etc. Biographical portraits of ten African-American women including Leontyne Price, Toni Morrison, and Jackie Joyner-Kersee.
521 8# - TARGET AUDIENCE NOTE
Target audience note 1170 <br/>
Source Lexile <br/>
521 8# - TARGET AUDIENCE NOTE
Target audience note Z <br/>
Source Raz-Plus <br/>
650 ## - SUBJECT ADDED ENTRY--TOPICAL TERM
Topical term or geographic name entry element Jackie Joyner-Kersee
Form subdivision non-fiction
650 ## - SUBJECT ADDED ENTRY--TOPICAL TERM
Topical term or geographic name entry element short stories
Form subdivision non-fiction
650 ## - SUBJECT ADDED ENTRY--TOPICAL TERM
Topical term or geographic name entry element feminism
Form subdivision non-fiction
700 ## - ADDED ENTRY--PERSONAL NAME
Personal name Parisi, Elizabeth B.
Relator term Book designer
942 ## - ADDED ENTRY ELEMENTS (KOHA)
Source of classification or shelving scheme Dewey Decimal Classification
Koha item type Books
Suppress in OPAC No
Holdings
Withdrawn status Lost status Source of classification or shelving scheme Damaged status Not for loan Collection Home library Current library Shelving location Date acquired Total Checkouts Full call number Barcode Date last seen Date last checked out Price effective from Koha item type
    Dewey Decimal Classification     Non-Fiction Footprints International School Library Network Toul Tom Poung Campus Footprints International School Library Network Toul Tom Poung Campus TTP Secondary Non-Fiction Bookshelves 11/20/2024 1 BOL 920.7208996073 E185.B567 FISSE01218 01/09/2026 10/22/2025 11/20/2024 Books